000 00607cam a22001814a 4500
005 20250605164348.0
008 250528s ||||||||||||||||||||||||d
035 _a24032
040 _aGR-AtMCL
_bgre
_dGR-AtMCL
_eAACR2
245 1 _aReimagining Airport / Experiences with AR/VR
260 _bInternational Airport Review,
_c2021
300 _a48
520 _aImproving Accessibility in Brazilian Civil Aviation, Managing During a Crisis Such as COVID-19, Baggage Handling at Australia's Best Terminal.
700 1 _aProvan Derek
_99361
942 _cCR
999 _c8933
_d8933